Logo Quiz 2 - Statistiken

Allgemein
  • Dieses Quiz wurde 568 mal gespielt
  • Das Durchschnittsergebnis liegt bei 12 aus 16
Antwortstatistiken
Bildquiz Antwort % Korrekt
Puma
100%
Lacoste
96%
Fila
93%
Nivea
90%
Rolex
89%
Calvin Klein
88%
Gucci
87%
Levis
86%
Vans
83%
Tommy Hilfiger
77%
Chanel
76%
New Balance
75%
Louis Vuitton
73%
Champion
69%
Versace
41%
Pull and Bear (Pull & Bear)
0%
Keine übereinstimmenden Quizze gefunden
Verteilung der Resultate
Anzahl Personen mit jedem Resultat
Perzentil nach korrekt beantworteten Fragen
Ihre Resultats-Entwicklung
Sie haben dieses Quiz noch nicht gespielt